000 01202nam a22002297a 4500
003 OSt
005 20210302115337.0
008 210302s1996 ck ||||gr|||| 00| 0 spa d
040 _aCO-JMCR
_cCO-JMCR
041 0 _aspa
082 0 4 _a343.861093 /
_bL435c
_223
100 1 _a Leal Pérez, Hildebrando,
_eautor
_914221
245 1 3 _aEl contrato de transporte :
_btransporte terrestre, aéreo y marítimo, transporte de carga, pasajeros y equipaje, responsabilidad derivada del contrato de transporte /
_cHildebrando Leal Pérez
250 _aPrimera edición
260 _aBogotá :
_bLeyer,
_c1996
300 _a303 páginas ;
_c24 cm.
505 0 _aEl contrato de transporte en general -- El contrato de transporte terrestre -- El contrato de transporte aéreo -- El contrato de transporte marítimo -- Responsabilidad derivada del contrato de transporte -- Jurisprudencia sobre responsabilidad en el contrato de transporte
520 3 _aConcibe el contrato de transporte los elementos sustanciales y los aspectos procesales y jurisprudenciales que se relacionan con el tema.
650 1 4 _aTransportistas
_zColombia
_914231
650 1 4 _aLey y legislación
_zColombia
_914232
942 _2ddc
_cBK
999 _c7406
_d7406